[Event "Anibal Troilo in memorian"]
[Site "SchemingMind.com"]
[Date "2006.09.18"]
[Round "-"]
[White "Guillote"]
[Black "Tahur"]
[Result "1-0"]
[WhiteCountry "ARG"]
[BlackCountry "ARG"]
[WhiteElo "1577"]
[WhiteRD "98"]
[BlackElo "1379"]
[BlackRD "63"]
[GameID "68033"]

1. e4 e5 2. f4 exf4 3. Nf3 Nf6 4. Nc3 Bb4 5. d3 Bxc3+ 6. bxc3 Nc6 7. Bxf4 d6 8. Be2 h6 9. O-O O-O 10. Rb1 g5
11. Nxg5 Ne5 12. Nf3 Nxf3+ 13. Bxf3 Rb8 14. Bxh6 Re8 15. Bh5 Be6 16. Bg5 Qd7 17. Bxf6 d5 18. e5 d4 19. c4 b5 20. Qd2 Kh7
21. Qf4 bxc4 22. Rxb8 Rxb8 23. dxc4 Bxc4 24. Bg4 Qb5 25. Bf5+ Kg8 26. Qg5+ Kf8 27. Qg7+ Ke8 28. Qg8#
1-0

[Event "Anibal Troilo in memorian"]
[Site "SchemingMind.com"]
[Date "2006.09.18"]
[Round "-"]
[White "juanca"]
[Black "Guillote"]
[Result "0-1"]
[WhiteCountry "ESP"]
[BlackCountry "ARG"]
[WhiteElo "1367"]
[WhiteRD "88"]
[BlackElo "1577"]
[BlackRD "98"]
[GameID "68034"]

1. e4 e5 2. Nf3 Nc6 3. Bc4 Nf6 4. Ng5 d5 5. exd5 Nxd5 6. Bxd5 Qxd5 7. O-O Be7 8. Nc3 Qd8 9. Nf3 Bg4 10. h3 Bh5
11. d3 Nd4 12. g4 Bg6 13. Nxe5 O-O 14. Nxg6 fxg6 15. Be3 Bh4 16. Ne2 Nf3+ 17. Kg2 Qd5 18. Nf4 Qc6 19. Qxf3 Qxf3+ 20. Kxf3 g5
21. Rae1 gxf4 22. Bxf4 g5 23. Re7 Rxf4+ 24. Kg2 Raf8 25. Re2 a5 26. c4 Rd8 27. Re3 Rf6 28. f3 Kg7 29. Re7+ Rf7 30. Re3 Rfd7
31. Rd1 Kf7 32. Kf1 Re7 33. Rxe7+ Kxe7 34. d4 c5 35. d5 Kf6 36. Rd3 Ke5 37. b3 Kf4 38. Kg2 Re8 39. d6 Rd8 40. Rd5 b6
41. a4 Be1 42. d7 Bc3 43. Rf5+ Ke3 44. Rf7 Kd2 45. Rxh7 Kc2 46. Kg3 Kxb3 47. h4 gxh4+ 48. Kxh4 Kxa4 49. g5 Kb4 50. Re7 a4
51. g6 a3 52. g7 Bxg7 53. Rxg7 a2 54. f4 a1=Q 55. Re7 Qf6+
0-1

[Event "Anibal Troilo in memorian"]
[Site "SchemingMind.com"]
[Date "2006.09.18"]
[Round "-"]
[White "milucho"]
[Black "Guillote"]
[Result "0-1"]
[WhiteCountry "ESP"]
[BlackCountry "ARG"]
[WhiteElo "1448"]
[WhiteRD "116"]
[BlackElo "1605"]
[BlackRD "136"]
[GameID "68036"]

1. e4 e5 2. Qh5 Nf6 3. Qxe5+ Be7 4. d3 Nc6 5. Qc3 Bb4 6. Qxb4 Nxb4 7. Na3 d5 8. e5 Ng4 9. Bf4 O-O 10. c3 Nc6
11. Nf3 Qe7 12. d4 f6 13. O-O-O Nxf2 14. Bd3 Nxh1 15. Rxh1 fxe5 16. Bxe5 Nxe5 17. Nxe5 Qg5+ 18. Kb1 Qxg2 19. Rc1 Bf5 20. Bxf5 Rxf5
21. Nb5 Rf1 22. Nxc7 Qe4+
0-1

[Event "Anibal Troilo in memorian"]
[Site "SchemingMind.com"]
[Date "2006.09.18"]
[Round "-"]
[White "apeloverage"]
[Black "Guillote"]
[Result "0-1"]
[WhiteCountry "AUS"]
[BlackCountry "ARG"]
[WhiteElo "1382"]
[WhiteRD "122"]
[BlackElo "1577"]
[BlackRD "98"]
[GameID "68037"]

1. e4 e5 2. Nf3 Nc6 3. b3 Bc5 4. Bb2 d6 5. c3 Nf6 6. b4 Bb6 7. d3 Ng4 8. d4 O-O 9. h3 Nf6 10. Qd3 exd4
11. Nxd4 Nxe4 12. Qxe4 Re8
0-1

[Event "Anibal Troilo in memorian"]
[Site "SchemingMind.com"]
[Date "2006.09.18"]
[Round "-"]
[White "orpc"]
[Black "Guillote"]
[Result "1-0"]
[WhiteCountry "GUA"]
[BlackCountry "ARG"]
[WhiteElo "1703"]
[WhiteRD "91"]
[BlackElo "1532"]
[BlackRD "95"]
[GameID "68038"]

1. e4 e5 2. Nf3 Nc6 3. Bc4 Nf6 4. d4 exd4 5. Nxd4 Ne5 6. Bb3 Bc5 7. O-O Nxe4 8. Bd5 O-O 9. Bxe4 Qh4 10. Nc3 d5
11. Nf3 Nxf3+ 12. Bxf3 Bd6 13. h3 Bxh3 14. g3 Bxg3 15. fxg3 Qxg3+ 16. Kh1 Bxf1 17. Qxf1 c6 18. Ne2 Qh4+ 19. Kg1 Rfe8 20. Bd2 a5
21. Qf2
1-0

[Event "Anibal Troilo in memorian"]
[Site "SchemingMind.com"]
[Date "2006.09.18"]
[Round "-"]
[White "Tahur"]
[Black "Guillote"]
[Result "0-1"]
[WhiteCountry "ARG"]
[BlackCountry "ARG"]
[WhiteElo "1379"]
[WhiteRD "63"]
[BlackElo "1577"]
[BlackRD "98"]
[GameID "68039"]

1. e4 e5 2. Nf3 Nc6 3. Bc4 Nf6 4. Nc3 Bb4 5. d3 d6 6. Bd2 O-O 7. O-O Bg4 8. a3 Ba5 9. b4 Bb6 10. h3 Bh5
11. g4 Bg6 12. g5 Nh5 13. b5 Nd4 14. Nxd4 Bxd4 15. Rb1 Bxc3 16. Bxc3 Qxg5+ 17. Qg4 Qf4 18. Qxf4 Nxf4 19. h4 Ne2+ 20. Kg2 Nxc3
21. Rb3 Ne2 22. Re1 Nf4+ 23. Kf3 Kh8 24. d4 Ne6 25. Bxe6 fxe6+ 26. Ke2 exd4 27. Kd3 e5 28. Rf1 Rf3+ 29. Ke2 Rxb3 30. cxb3 Bxe4
31. Rc1 c6 32. bxc6 bxc6 33. f3 Bd5 34. b4 Rf8 35. Rf1 h5 36. Rf2 Kh7 37. a4 Kg6 38. a5 Kf5 39. Rg2 g6 40. Kf2 Rg8
41. Kg3 g5 42. Rh2 g4 43. fxg4+ Rxg4+ 44. Kf2 Rg2+ 45. Rxg2 Bxg2 46. Kxg2 Kf4 47. a6 d3 48. Kf2 e4 49. Ke1 Kf3 50. Kf1 e3
51. Ke1 d2+ 52. Kd1 Kf2 53. Kc2 Ke1 54. Kd3 d1=Q+ 55. Ke4 Qd5+ 56. Kxe3 Qc4 57. Kf3 Qd4 58. Kg3 Qg4+ 59. Kh2 Kf2
0-1

[Event "Anibal Troilo in memorian"]
[Site "SchemingMind.com"]
[Date "2006.09.18"]
[Round "-"]
[White "Rotceh"]
[Black "juanca"]
[Result "1-0"]
[WhiteCountry "MEX"]
[BlackCountry "ESP"]
[WhiteElo "1620"]
[WhiteRD "60"]
[BlackElo "1361"]
[BlackRD "88"]
[GameID "68048"]

1. e4 e5 2. Nf3 Nc6 3. d4 exd4 4. Nxd4 Nxd4 5. Qxd4 d6 6. Bc4 Qf6 7. c3 Qxd4 8. cxd4 Nf6 9. Nc3 Be7 10. Bg5 O-O
11. e5 Nd5 12. Nxd5 Bxg5 13. Nxc7 Rb8 14. O-O dxe5 15. dxe5 Bf4 16. Rfe1 a6 17. Nd5 Bg5 18. a4 Be6 19. f4 Bxd5 20. Bxd5 Bxf4
21. e6 fxe6 22. Bxe6+ Kh8 23. Bd5 h6 24. Re7 Rbd8 25. Bxb7 Rd2 26. Bxa6 Rxb2 27. a5 Bd2 28. Bb7 Bb4 29. Re5 Rff2 30. Re8+ Kh7
31. Be4+ g6 32. Rc8 Rfe2 33. a6 Rxe4 34. a7 Bd2 35. Rc7+ Kg8 36. a8=Q+ Re8 37. Qxe8#
1-0

[Event "Anibal Troilo in memorian"]
[Site "SchemingMind.com"]
[Date "2006.09.18"]
[Round "-"]
[White "Rotceh"]
[Black "diego"]
[Result "1/2-1/2"]
[WhiteCountry "MEX"]
[BlackCountry "ARG"]
[WhiteElo "1540"]
[WhiteRD "61"]
[BlackElo "1321"]
[BlackRD "104"]
[GameID "68049"]

1. e4 c5 2. Nf3 Nc6 3. d4 cxd4 4. Nxd4 e5 5. Nb5 d6 6. N1c3 a6 7. Na3 b5 8. Nd5 Nf6 9. Bg5 Be7 10. Nxe7 Qxe7
11. c4 b4 12. Nc2 Bb7 13. b3 Nd4 14. Nxd4 exd4 15. Bxf6 Qxf6 16. Bd3 O-O 17. Qf3 Rfe8 18. Qxf6 gxf6 19. Kd2 Bxe4 20. f3 Bxd3
21. Kxd3 Re3+ 22. Kxd4 Rae8 23. Kd5 Rd3+ 24. Kc6 Re5 25. Rhd1 Rc3 26. Rxd6 Rc2 27. Kb6 Kg7 28. Kxa6 Rxg2 29. Kb6 Rxh2 30. c5 Rc2
31. c6 Rec5 32. f4 h5 33. Rg1+ Kf8 34. Rxf6 h4 35. Rh6 Ke7 36. Rxh4 Rxc6+ 37. Kb5 Rc8 38. Rh6 Rxa2 39. Re1+ Kd7 40. Rb6 Kc7
41. Rc1+ Kd8 42. Rxc8+ Kxc8 43. Ra6 Ra3 44. Rc6+ Kd7 45. Kxb4 Rxb3+ 46. Kxb3= Kxc6 47. Kc4 Kd6 48. Kd4 f5 49. Kc4 Ke6 50. Kc5 Ke7
51. Kd5 Kf7 52. Ke5 Kg7 53. Ke6 Kf8 54. Kxf5 Kf7= 55. Ke5 Ke7 56. f5 Kf7 57. f6 Kf8 58. Kf5=
1/2-1/2

[Event "Anibal Troilo in memorian"]
[Site "SchemingMind.com"]
[Date "2006.09.18"]
[Round "-"]
[White "Rotceh"]
[Black "milucho"]
[Result "1-0"]
[WhiteCountry "MEX"]
[BlackCountry "ESP"]
[WhiteElo "1620"]
[WhiteRD "60"]
[BlackElo "1475"]
[BlackRD "93"]
[GameID "68050"]

1. e4 e5 2. Nf3 Nc6 3. d4 Nxd4 4. Nxe5 Ne6 5. Bc4 d6 6. Bb5+ c6 7. Nxc6 bxc6 8. Bxc6+ Bd7 9. Bxa8 Qxa8 10. Nc3 Nf6
11. Qe2 Nd4 12. Qd3 Ne6 13. Be3 Be7 14. Nd5 Ng4 15. Nxe7 Nxe3 16. Qxe3 Kxe7 17. O-O Rc8 18. c3 Bb5 19. Rfe1 Kf8 20. Rad1 Rd8
21. Qg3 Qc6 22. Rd2 Ke7 23. Qh4+ f6 24. Qxh7 Qe8 25. Qf5 g6 26. Qg4 Ng5 27. Red1 Qd7 28. Qf4 Nf7 29. b3 g5 30. Qe3 Qb7
31. c4 Bc6 32. f3 Qb6 33. Qxb6 axb6 34. Kf2 Ne5 35. Rd4 Ke6 36. b4 Nf7 37. c5 b5 38. g3 Ke7 39. Ke3 dxc5 40. Rxd8 Nxd8
41. bxc5 Nb7 42. Kd4 Ke6 43. h4 gxh4 44. gxh4 Nd8 45. h5 Nf7 46. Rh1 Nh6 47. Rg1 Be8 48. Rg3 Bf7 49. f4 Ke7 50. Rg7 Kf8
51. Rg3 Bxa2 52. Rg6 Nf7 53. Rxf6 Kg7 54. e5 b4 55. c6 Nd8 56. f5 Nxc6+ 57. Rxc6 b3 58. Kc3 Bb1 59. f6+ Kf7 60. Kxb3 Bf5
61. Kc3 Bd7 62. Rc7 Ke6 63. Rxd7 Kxd7 64. h6
1-0

[Event "Anibal Troilo in memorian"]
[Site "SchemingMind.com"]
[Date "2006.09.18"]
[Round "-"]
[White "Rotceh"]
[Black "apeloverage"]
[Result "1-0"]
[WhiteCountry "MEX"]
[BlackCountry "AUS"]
[WhiteElo "1620"]
[WhiteRD "60"]
[BlackElo "1387"]
[BlackRD "100"]
[GameID "68051"]

1. e4 e5 2. Nf3 Nc6 3. d4 exd4 4. Nxd4 Nxd4 5. Qxd4 c5 6. Qa4 a6 7. Nc3 b5 8. Bxb5 Bb7 9. Bc4 Bc6 10. Qa3 a5
11. Be3 d6 12. Qb3 Qd7 13. Nd5 Bxd5 14. exd5 Kd8 15. a4 Ra7 16. O-O Rb7 17. Bb5 Qf5 18. Bxc5 dxc5 19. Rfe1 Re7 20. Red1 Nf6
21. Bd3 Qe5 22. Qb6+ Rc7 23. Qb8+ Ke7 24. Re1 Qxe1+ 25. Rxe1+ Kd7 26. Bf5+ Kd6 27. Qb6+
1-0

[Event "Anibal Troilo in memorian"]
[Site "SchemingMind.com"]
[Date "2006.09.18"]
[Round "-"]
[White "Rotceh"]
[Black "orpc"]
[Result "1-0"]
[WhiteCountry "MEX"]
[BlackCountry "GUA"]
[WhiteElo "1622"]
[WhiteRD "56"]
[BlackElo "1698"]
[BlackRD "90"]
[GameID "68052"]

1. e4 e5 2. Nf3 Nc6 3. d4 exd4 4. Nxd4 Nf6 5. Nxc6 dxc6 6. Qxd8+ Kxd8 7. Bd3 Be6 8. Bf4 h6 9. Nc3 Bc5 10. O-O Nh5
11. Be5 f6 12. Na4 Bxf2+ 13. Rxf2 fxe5 14. Nc5 Nf4 15. Nxb7+ Kd7 16. Na5 Rhf8 17. Raf1 g5 18. Kh1 c5 19. g3 Bh3 20. Bb5+ Ke6
21. Rd1 Bg2+ 22. Kg1 Nh3+ 23. Kxg2 Nxf2 24. Bc4+ Kf6 25. Kxf2 Kg6+ 26. Ke3 Rad8 27. Rxd8 Rxd8 28. Bd5 Rd6 29. Nc4 Rf6 30. Nxe5+ Kg7
31. Ke2 h5 32. Nd7 Ra6 33. Nxc5 Rb6 34. b3 Kf6 35. Nd7+
1-0

[Event "Anibal Troilo in memorian"]
[Site "SchemingMind.com"]
[Date "2006.09.18"]
[Round "-"]
[White "Rotceh"]
[Black "Tahur"]
[Result "1-0"]
[WhiteCountry "MEX"]
[BlackCountry "ARG"]
[WhiteElo "1620"]
[WhiteRD "60"]
[BlackElo "1415"]
[BlackRD "60"]
[GameID "68053"]

1. d4 d5 2. c4 dxc4 3. Nf3 Nc6 4. e3 Bg4 5. Bxc4 e6 6. Nbd2 Bb4 7. a3 Bxd2+ 8. Bxd2 Bxf3 9. Qxf3 Nf6 10. Bb5 O-O
11. Bxc6 bxc6 12. Qxc6 Qb8 13. Bb4 Rd8 14. O-O Qb6 15. Rac1 Qxc6 16. Rxc6 Rdc8 17. Ba5 Nd5 18. Rfc1 Rab8 19. R1c2 Rb7 20. e4 Nf6
21. f3 Ne8 22. d5 exd5 23. exd5 Rd8 24. Re2 h6 25. Re7 Rxb2 26. Bxc7 Nxc7 27. Rcxc7 Rxd5 28. h3 a5 29. Rxf7 Rg5 30. g4 Rd5
31. Rxg7+ Kf8 32. Rgd7 Rxd7 33. Rxd7 Rb3 34. Kf2 Rxa3 35. Rh7 a4 36. Rxh6 Ra2+ 37. Ke1 a3 38. Ra6 Ke7 39. h4 Kd7 40. Kd1 Kc7
41. Kc1 Kb7 42. Ra4 Kb6 43. Rb4+ Kc5 44. Rb1 Kd5 45. h5 Ke6 46. Rb3 Ke5 47. Kb1 Rb2+ 48. Rxb2 axb2 49. Kxb2 Kf6 50. Kc3 Kg5
51. f4+ Kh6 52. Kd4 Kh7 53. Ke5 Kh6 54. Ke6 Kg7 55. Ke7 Kh6 56. f5 Kg5 57. f6 Kxg4 58. f7 Kxh5 59. f8=Q Kg5 60. Qf3 Kg6
61. Qf4 Kg7 62. Qf5 Kh6 63. Qg4 Kh7 64. Kf7 Kh6 65. Qg6#
1-0

[Event "Anibal Troilo in memorian"]
[Site "SchemingMind.com"]
[Date "2006.09.18"]
[Round "-"]
[White "Rotceh"]
[Black "Guillote"]
[Result "1-0"]
[WhiteCountry "MEX"]
[BlackCountry "ARG"]
[WhiteElo "1609"]
[WhiteRD "64"]
[BlackElo "1577"]
[BlackRD "98"]
[GameID "68054"]

1. d4 e6 2. c4 g6 3. Nf3 Bg7 4. e4 b6 5. Nc3 Nc6 6. Bf4 Bb7 7. d5 exd5 8. cxd5 Nce7 9. Qd2 d6 10. Bb5+ c6
11. dxc6 Bxc6 12. Bxd6 a6 13. Ba4 b5 14. Bb3 Nc8 15. Bf4 Qxd2+ 16. Bxd2 Nf6 17. Ne5 Bxe4 18. Bxf7+ Kf8 19. Be6 Bxg2 20. Rg1 Bb7
21. O-O-O Nb6 22. f3 Re8 23. Nxg6+ hxg6 24. Rde1 Rxh2 25. Rxg6 Nh5 26. f4 Bxc3 27. Rg8+ Ke7 28. Bg4+ Kd8 29. Rgxe8+ Kc7 30. Bxc3
1-0

[Event "Anibal Troilo in memorian"]
[Site "SchemingMind.com"]
[Date "2006.09.18"]
[Round "-"]
[White "juanca"]
[Black "Rotceh"]
[Result "0-1"]
[WhiteCountry "ESP"]
[BlackCountry "MEX"]
[WhiteElo "1367"]
[WhiteRD "88"]
[BlackElo "1609"]
[BlackRD "64"]
[GameID "68055"]

1. e4 e5 2. Nf3 Nc6 3. Bc4 Nf6 4. Ng5 d5 5. exd5 Na5 6. Be2 Qxd5 7. Nc3 Qxg2 8. Bf3 Qxg5 9. d4 Qf5 10. dxe5 Qxe5+
11. Be2 Bb4 12. Bd2 O-O 13. f4 Qe7 14. a3 Bd6 15. Rf1 Nc4 16. b3 Ne4 17. Nxe4 Qxe4 18. bxc4 Be6 19. f5 Bxf5 20. Rf4 Bxf4
21. Bxf4 Qxf4 22. Qb1 Rfe8 23. Qb2 Qh4+ 24. Kd1 Rad8+ 25. Bd3 Qe1#
0-1

[Event "Anibal Troilo in memorian"]
[Site "SchemingMind.com"]
[Date "2006.09.18"]
[Round "-"]
[White "diego"]
[Black "Rotceh"]
[Result "1-0"]
[WhiteCountry "ARG"]
[BlackCountry "MEX"]
[WhiteElo "1339"]
[WhiteRD "106"]
[BlackElo "1622"]
[BlackRD "56"]
[GameID "68056"]

1. d4 Nf6 2. c4 Nc6 3. Nc3 e6 4. e4 Bb4 5. a3 Ba5 6. b4 Nxb4 7. axb4 Bxb4 8. Bb2 Nxe4 9. Qf3 Nxc3 10. Bxc3 Bxc3+
11. Qxc3 b6 12. Qf3 d5 13. c5 O-O 14. Bd3 bxc5 15. Nh3 cxd4 16. Ra3 c5 17. Bxh7+ Kh8 18. Qh5 Re8 19. Rf3 Qa5+ 20. Kd1 Qa1+
21. Bb1+ Kg8 22. Qxf7+
1-0

[Event "Anibal Troilo in memorian"]
[Site "SchemingMind.com"]
[Date "2006.09.18"]
[Round "-"]
[White "milucho"]
[Black "Rotceh"]
[Result "0-1"]
[WhiteCountry "ESP"]
[BlackCountry "MEX"]
[WhiteElo "1475"]
[WhiteRD "93"]
[BlackElo "1620"]
[BlackRD "60"]
[GameID "68057"]

1. d4 Nf6 2. Nf3 e6 3. b3 d5 4. Nc3 Bb4 5. Bb2 Ne4 6. Qd3 O-O 7. a3 Bxc3+ 8. Bxc3 Qf6 9. Bb4 Re8 10. Qe3 Nd7
11. Nd2 Qg6 12. Nxe4 Qxe4 13. Qxe4 dxe4 14. O-O-O b6 15. a4 Ba6 16. c4 f5 17. e3 Nf6 18. h3 Red8 19. c5 Nd5 20. Bd2 Bxf1
21. Rhxf1 Nf6 22. b4 Rd5 23. Kb2 a5 24. Kb3 axb4 25. Bxb4 Nd7 26. c6 Nb8 27. Rc1 e5 28. Rfd1 exd4 29. Rxd4 Rxd4 30. exd4 Na6
31. Ba3 Rd8 32. Rd1 Kf7 33. d5 Nb8 34. d6 Nxc6 35. dxc7 Rc8 36. Bd6 Ke6 37. Bg3 Ne5 38. Bxe5 Kxe5 39. Rd7 Kf6 40. Kb4 h5
41. Kb5 f4 42. Kxb6 e3 43. fxe3 fxe3 44. Rd3 Re8 45. Rd8 Re6+ 46. Kb7 e2 47. c8=Q e1=Q 48. Rf8+ Kg5 49. Qc5+ Re5 50. Qb6 Qe4+
51. Qc6 Re7+ 52. Kb6 Re6 53. Rc8 Qb4+ 54. Kc7 Rxc6+ 55. Kxc6 Qxa4+ 56. Kd6 Qd1+ 57. Ke6 Qe2+ 58. Kf7 Qxg2 59. Rc5+ Kh4 60. Rc3 Qf1+
61. Kg6 Qf6+
0-1

[Event "Anibal Troilo in memorian"]
[Site "SchemingMind.com"]
[Date "2006.09.18"]
[Round "-"]
[White "apeloverage"]
[Black "Rotceh"]
[Result "0-1"]
[WhiteCountry "AUS"]
[BlackCountry "MEX"]
[WhiteElo "1387"]
[WhiteRD "100"]
[BlackElo "1620"]
[BlackRD "60"]
[GameID "68058"]

1. e4 e5 2. Nf3 Nf6 3. Nc3 Nc6 4. b3 Bc5 5. h3 O-O 6. d3 d5 7. Bg5 dxe4 8. Nxe4 Be7 9. g4 Nxe4 10. Bxe7 Nxe7
11. dxe4 Ng6 12. Bc4 Qf6 13. g5 Qf4 14. Qd3 Be6 15. h4 Bxc4 16. bxc4 Rad8 17. Qe3 Qxe3+ 18. fxe3 Rd6 19. h5 Ne7 20. Nxe5 Nc6
21. Nxc6 Rxc6 22. h6 Rxc4 23. hxg7 Kxg7 24. Rb1 b6 25. Rb5 Rxc2 26. a4 Rc1+
0-1

[Event "Anibal Troilo in memorian"]
[Site "SchemingMind.com"]
[Date "2006.09.18"]
[Round "-"]
[White "orpc"]
[Black "Rotceh"]
[Result "0-1"]
[WhiteCountry "GUA"]
[BlackCountry "MEX"]
[WhiteElo "1703"]
[WhiteRD "91"]
[BlackElo "1620"]
[BlackRD "60"]
[GameID "68059"]

1. e4 e5 2. Nf3 Nf6 3. Bc4 Nc6 4. d4 exd4 5. Nxd4 Nxe4 6. Qf3 Nf6 7. O-O Nxd4 8. Qe3+ Ne6 9. Re1 Be7 10. b4 Bxb4
11. Bd2 Bxd2 12. Nxd2 O-O 13. h3 d5 14. Bb3 c5 15. c3 d4 16. cxd4 Nxd4 17. Rac1 Nxb3 18. Nxb3 b6 19. Rcd1 Qc7 20. Qe7 Qxe7
21. Rxe7 Be6 22. Nc1 Nd5
0-1

[Event "Anibal Troilo in memorian"]
[Site "SchemingMind.com"]
[Date "2006.09.18"]
[Round "-"]
[White "Tahur"]
[Black "Rotceh"]
[Result "0-1"]
[WhiteCountry "ARG"]
[BlackCountry "MEX"]
[WhiteElo "1415"]
[WhiteRD "60"]
[BlackElo "1620"]
[BlackRD "60"]
[GameID "68060"]

1. e4 e5 2. Nf3 Nf6 3. Nc3 Nc6 4. Bb5 Bc5 5. d3 O-O 6. O-O Nd4 7. Nxd4 Bxd4 8. Bd2 c6 9. Bc4 d5 10. exd5 cxd5
11. Bb3 b6 12. a4 Bf5 13. Qf3 Bxc3 14. Bxc3 d4 15. Bb4 Bg4 16. Qg3 Re8 17. h3 Be6 18. Bxe6 Rxe6 19. Rfe1 Nd5 20. c3 a5
21. Ba3 dxc3 22. bxc3 Nxc3 23. Bb2 Nd5 24. d4 e4 25. f3 e3 26. f4 Qf6 27. Qg5 Qxg5 28. fxg5 f6 29. gxf6 Rxf6 30. Rf1 Re6
31. Rfe1 Nf4 32. Bc1 Rae8 33. Kh2 Nd3 34. Re2 Re4 35. Rb1 Nxc1 36. Rxc1 Rxd4 37. Ra1 Ree4 38. Ra3 Rxa4 39. Rxa4 Rxa4 40. Rxe3 h6
41. Rb3 Rb4 42. Ra3 a4 43. Kg1 b5 44. Ra2 Rb3 45. Kf1 a3 46. Ke1 b4 47. Kd1 Rb2 48. Rxb2 axb2 49. Kc2 Kf7 50. Kxb2 Kf6
51. Kb3 Kf5 52. Kxb4 Kf4 53. Kc4 Kg3 54. Kd4= Kxg2 55. Ke4 Kxh3 56. Kf4 g5+ 57. Kf3 g4+ 58. Kf4 g3 59. Kf3 Kh2 60. Kg4 g2
61. Kh5 g1=Q 62. Kxh6 Qg4 63. Kh7 Kg3 64. Kh6 Qg8 65. Kh5 Kf4
0-1

[Event "Anibal Troilo in memorian"]
[Site "SchemingMind.com"]
[Date "2006.09.18"]
[Round "-"]
[White "Guillote"]
[Black "Rotceh"]
[Result "0-1"]
[WhiteCountry "ARG"]
[BlackCountry "MEX"]
[WhiteElo "1577"]
[WhiteRD "98"]
[BlackElo "1609"]
[BlackRD "64"]
[GameID "68061"]

1. e4 e5 2. Nf3 Nc6 3. Bc4 Nf6 4. d3 Bc5 5. Nc3 O-O 6. Bg5 d6 7. Nd5 Nd4 8. Nxd4 Bxd4 9. c3 Bxf2+ 10. Kd2 Nxe4+
11. dxe4 Qxg5+ 12. Kc2 Qxg2 13. Qd2 Qxe4+ 14. Qd3 Qxd3+ 15. Bxd3 Bb6 16. h4 f5 17. h5 h6 18. Raf1 f4 19. b4 Be6 20. Nxb6 axb6
21. Be4 Rxa2+ 22. Kd3 b5 23. Bxb7 Bc4+ 24. Ke4 Re2+ 25. Kf3 Re3+ 26. Kf2 Bxf1 27. Rxf1 Rxc3
0-1